Načítá se...

Weather.

Podrobná bibliografie
Hlavní autor: Scorer, R. S.
Médium: Printed Book
Jazyk:English
Vydáno: London, Phoenix House; [1959]
Edice:Progressof science series
Témata:
LEADER 00528cam a22001691 4500
005 20200810151643.0
008 770730s1959 xx j 000 0 eng
082 |a 551.5  |b SCO 
100 1 |a Scorer, R. S.  |9 2708 
245 0 0 |a Weather. 
300 |a 63 p.  |b illus.  |c 23 cm. 
490 |a Progressof science series 
653 |a Meteorology 
942 |c BK  |6 _ 
260 |a London,  |b Phoenix House;  |c [1959] 
999 |c 211346  |d 211346 
952 |0 0  |1 0  |2 ddc  |4 0  |6 5515_SCO  |7 0  |9 269265  |a PHY  |b PHY  |d 2010-01-30  |o 551.5 SCO*  |p PHY003320  |r 2010-01-30  |w 2010-01-30  |y BK